Coastal Zone Management/ (Record no. 756738)

MARC details
000 -LEADER
fixed length control field 00392nam a22001337a 4500
020 ## - INTERNATIONAL STANDARD BOOK NUMBER
ISBN 978-81-7139-380-0
082 ## - DEWEY DECIMAL CLASSIFICATION NUMBER
Classification number 333.917KAM/C
100 ## - MAIN ENTRY--AUTHOR NAME
Personal name Kamat,Dushyant and Haque,Mohd,Azhural
245 ## - TITLE STATEMENT
Title Coastal Zone Management/
Statement of responsibility, etc by Dushyant Kamat and Mohd.Azhural Haque
260 ## - PUBLICATION, DISTRIBUTION, ETC. (IMPRINT)
Place of publication .-Newdelhi
Name of publisher :Njanada Prakashan
Year of publication ,2023
300 ## - PHYSICAL DESCRIPTION
Number of Pages 230p
942 ## - ADDED ENTRY ELEMENTS (KOHA)
Source of classification or shelving scheme Dewey Decimal Classification
Koha item type Book
Holdings
Withdrawn status Lost status Source of classification or shelving scheme Damaged status Not for loan Home Library Current Location Shelving location Date acquired Source of acquisition Full call number Accession Number Price effective from Koha item type
    Dewey Decimal Classification     Dept. of Aquatic Biology and Fisheries Dept. of Aquatic Biology and Fisheries General Stacks 02/02/2026 SA/3 333.917KAM/C AQU6606 23/02/2026 Book